Using the Balanced Scorecard Concept with the Mining Industry as Example

Aktuálny stav používania metódy merania výkonnosti Balanced Scorecard v baníctve v SR. Identifikácia dôvodov, ktoré bránia jej použitiu.

Gespeichert in:
Bibliographische Detailangaben
1. Verfasser: Gallo, Peter, ml
Weitere Verfasser: Mihalčová, Bohuslava, 1963-
Format: Buchkapitel
Sprache:Englisch
Schlagworte:
Tags: Tag hinzufügen
Keine Tags, Fügen Sie das erste Tag hinzu!

MARC

LEADER 00000naa$a2200000$$$4500
001 0241881
005 20240502073934.2
041 0 |a eng 
044 |a SK 
245 1 0 |a Using the Balanced Scorecard Concept with the Mining Industry as Example  |c Peter Gallo, Bohuslava Mihalčová 
520 |a Aktuálny stav používania metódy merania výkonnosti Balanced Scorecard v baníctve v SR. Identifikácia dôvodov, ktoré bránia jej použitiu. 
610 2 0 |a metódy ekonometrické 
610 2 0 |a Slovensko 
610 2 0 |a metódy 
610 2 0 |a meranie výkonnosti 
610 2 0 |a štúdie prípadové 
610 2 0 |a baníctvo 
610 2 0 |a podnik 
610 2 0 |a riadenie strategické 
100 1 |a Gallo, Peter, ml. 
700 1 |a Mihalčová, Bohuslava, 1963-